La obra de Carlos Luis Garca̕ Casella teora̕ y epistemologa̕ contable /

Detalles Bibliográficos
Autor principal: Garca̕ Fronti, Inš
Otros Autores: Scasserra, Adriǹ
Formato: eBook
Lenguaje:español
Publicado: Medelln̕: Universidad Cooperativa de Colombia, 2020
Materias:
Acceso en línea:Acceso restringido

MARC

LEADER 00000nam a22000007a 4500
005 20220706220455.0
007 cr|||| ||||
008 220706s2020 co |||||s|||| 00||0 spa d
020 |a 9789587602784 
035 |a 36659 
040 |a vLex 
090 |c 13531  |d 13531 
100 1 |a Garca̕ Fronti, Inš 
245 1 2 |a La obra de Carlos Luis Garca̕ Casella  |h [Recurso electrn̤ico] :  |b teora̕ y epistemologa̕ contable /  |c Inš Garca̕ Fronti, Adriǹ Scasserra 
256 |a Servicio en ln̕ea 
260 |a Medelln̕:  |b Universidad Cooperativa de Colombia,  |c 2020 
300 |a 1 recurso electrn̤ico 
500 |a Este libro tiene por objetivo analizar y reflexionar acerca de la obra de un autor latinoamericano de la contabilidad, Carlos Luis Garca̕ Casella, quien desde hace cuarenta aǫs escribe sobre teora̕ contable, en dil̀ogo con otros autores emblemt̀icos como Richard Mattessich y Antonio Lopes de S.̀ Garca̕ Casella encabeza el desarrollo de la teora̕ contable en Argentina y su impacto en Latinoamřica es alts̕imo. Autores del r̀ea contable de pas̕es como Argentina, Brasil y Colombia aportan en esta obra sus anl̀isis y reflexiones sobre cuestiones que se vinculan con la utilizacin̤ del mťodo cientf̕ico para el desarrollo de la contabilidad, ya que gran parte de la obra de Garca̕ Casella se dedica a esta cuestin̤. Los contenidos se vinculan con la naturaleza de la contabilidad, los elementos para una teora̕ general de la contabilidad, los modelos contables con mťodo cientf̕ico y los segmentos de la contabilidad. El libro presenta aspectos vinculados con la teora̕ contable que sirven de apoyo en el r̀ea de la contabilidad a los investigadores, a los docentes —tanto para la formacin̤ de pregrado como de posgrado— y a los profesionales. 
506 1 |a Disponible solo en los productos indicados  |d vLex Global  |d vLex Global (Academic Edition, excluding Law Schools)  |d vLex Global (U.S. Academic Edition, Law Schools)  |d vLex Global (U.S. Academic Edition, excluding Law Schools)  |d vLex Global (Academic Edition, Law Schools) 
650 0 4 |a Contabilidad  |z Colombia 
700 1 |a Scasserra, Adriǹ 
740 0 |a vLex Libros (Servicio en ln̕ea) 
856 4 0 |u https://app.vlex.com/#/sources/36659  |z Acceso restringido 
942 |c BOOK 
999 0 |a Accounting